[Event "Match Czechia vs Poland 2020"]
[Site "Zlin"]
[Date "2020.09.17"]
[Round "4.2"]
[White "Nasuta, Grzegorz"]
[Black "Stocek, Jiri"]
[Result "0-1"]
[WhiteElo "2553"]
[BlackElo "2595"]
[Annotator "TA"]
[PlyCount "156"]
[EventDate "2020.09.14"]
[EventType "schev"]
[EventCountry "CZE"]
[WhiteTeam "Poland"]
[BlackTeam "Czech Republic"]
[WhiteTeamCountry "POL"]
[BlackTeamCountry "CZE"]

{[%evp 16,156,17,29,23,33,29,0,3,0,19,-33,15,22,28,9,45,50,48,72,62,60,58,52,54,66,114,63,71,75,146,31,37,31,82,35,48,48,57,45,37,50,37,49,56,48,49,-18,-13,-25,-23,-33,-50,-98,-62,-100,-62,-80,-70,-177,-62,-191,-191,-182,-82,-100,0,-144,-148,-220,-120,-102,-84,-182,-149,-150,0,0,0,-154,-143,-151,-148,-142,0,0,0,-143,0,0,0,-435,-435,-425,-410,-406,-405,-433,-387,-352,-279,-588,-588,-543,-383,-588,-588,-775,-775,-763,-764,-748,-731,-5297,-5297,-29959,-29968,-29968,-29969,-29972,-29972,-29975,-29976,-29976,-29978,-29977,-29976,-29975,-29976,-29978,-29979,-29979,-29980,-29980,-29981,-29981,-29982,-29982,-29983,-29983,-29984,-29983,-29984]} 1. e4 c5 2. Nf3 e6 3. d4 cxd4 4. Nxd4 Nf6 5. Nc3 Nc6 6. Nxc6 bxc6 7. e5 Nd5 8. Ne4 Qc7 9. f4 Rb8 {B45: Sicilian Four Knights.} 10. Bd3 Qb6 11. Qe2 Be7 {The position is equal.} 12. a3 f5 13. Nf2 {[#]} (13. exf6 $11 Nxf6 14. h4) 13... O-O $5 $146 {[%mdl 8] New and interesting.} ({Predecessor:} 13... Bc5 14. Nd1 d6 15. c4 dxe5 16. cxd5 e4 17. Bc2 exd5 18. b4 Bd4 19. Bb2 a5 {1-0 (48) Naiditsch,A (2574)-Radjabov,T (2648) Dortmund 2003}) 14. c4 Nc7 15. b4 c5 16. b5 $1 d5 17. exd6 $1 Qxd6 18. Bb2 Bf6 19. Be5 Bxe5 20. Qxe5 Rd8 21. O-O (21. a4 $16) 21... Qxe5 $14 22. fxe5 Bb7 (22... Na8 $142) 23. Rfd1 (23. a4 $1 $16) 23... Na8 $1 24. a4 a5 (24... Nb6 $1 $14) 25. Bf1 {Hoping for Nd3.} Rxd1 26. Rxd1 Nb6 27. Nd3 Rd8 28. Ra1 Nd7 29. Nc1 Kf7 30. Nb3 Be4 31. Nxa5 (31. Rc1 $14) 31... Ra8 $1 $11 {[%cal Ra8a5]} 32. Nb3 Bc2 33. Nd2 Rxa4 34. Re1 Ke7 35. Re3 Ra2 36. h4 g6 37. g3 (37. Nf3 $15) 37... h6 (37... Bd1 $19 38. Nb1 Rb2) 38. Bg2 ({Better is} 38. Be2 $15) 38... Bd1 $19 39. Nb1 Ra1 (39... Rb2 $19 {has better winning chances.} 40. Nc3 Bb3) 40. Nd2 $17 {Threatening Re1.} Ra2 41. Nb1 $1 Re2 42. Ra3 (42. Rxe2 $17 {keeps fighting.} Bxe2 43. Bf1 Bxf1 44. Kxf1) 42... Nxe5 ({Black should play} 42... Rb2 $1 $19 {[%cal Rb2b1]} 43. Nc3 Rb3) 43. Nc3 Re1+ 44. Kh2 (44. Bf1 $17 Bf3 45. Ra7+ Kd8 46. Kf2) 44... Nf3+ ({Not} 44... Nxc4 45. Ra1 $11) 45. Kh3 Ng1+ 46. Kh2 Nf3+ 47. Kh3 g5 $1 {[%cal Rg5g4]} 48. hxg5 ({But not} 48. Ra7+ $2 Kf6 $19) 48... Nxg5+ 49. Kh2 Nf3+ 50. Kh3 Ng5+ 51. Kh2 $1 Nf3+ ({Black should try} 51... Bg4 $1 $17 {...Nf3+ is the strong threat.} 52. Rb3 Nf3+ 53. Bxf3 Bxf3) 52. Kh3 $11 Ne5 {And now ...Bg4+ would win.} 53. b6 $2 {[%mdl 8192] White is on the road to losing.} (53. Nxd1 $11 Rxd1 54. b6) 53... Bg4+ $19 54. Kh2 Nf3+ 55. Bxf3 Bxf3 {[%csl Gf3][%cal Re1h1]} 56. Nd5+ Bxd5 57. cxd5 {[%mdl 4096] Endgame [#] Strongly threatening Rb3. KR-KR} Rb1 $1 (57... exd5 58. Rb3 $16) 58. Ra7+ $2 {[#]} (58. dxe6 {is more resistant.} Kxe6 59. Kg2) 58... Kd6 $1 59. dxe6 {Black must now prevent e7.} Rxb6 60. e7 (60. Kg1 $142 Kxe6 61. Kf2) 60... Rb2+ 61. Kh3 Re2 62. Ra6+ Kxe7 63. Rc6 Re5 64. Kh4 Kd7 65. Rxh6 c4 {[%cal Bc5c4,Bc4c3][%mdl 32] Black mates.} 66. Kg5 c3 67. Rh2 Rc5 68. Rc2 Kc6 69. Kf4 Kb5 70. Ke3 Kc4 71. Rc1 Rd5 72. Kf4 Kb3 73. Rb1+ Ka2 74. Rb8 c2 75. Rc8 Kb2 76. Rb8+ Kc3 77. Rc8+ Kd2 78. g4 fxg4 {Accuracy: White = 55%, Black = 75%.} 0-1

[Event "Match Czechia vs Poland 2020"]
[Site "Zlin"]
[Date "2020.09.17"]
[Round "4.2"]
[White "Nasuta, Grzegorz"]
[Black "Stocek, Jiri"]
[Result "*"]
[WhiteElo "2553"]
[BlackElo "2595"]
[Annotator "TA"]
[PlyCount "33"]
[EventDate "2020.09.14"]
[EventType "schev"]
[EventCountry "CZE"]
[SourceTitle "playchess.com"]
[Source "ChessBase"]
[SourceQuality "1"]
[WhiteTeam "Poland"]
[BlackTeam "Czech Republic"]
[WhiteTeamCountry "POL"]
[BlackTeamCountry "CZE"]

{[%evp 16,18,27,15,23]} 1. e4 c5 2. Nf3 e6 3. d4 cxd4 4. Nxd4 Nf6 5. Nc3 Nc6 6. Nxc6 bxc6 7. e5 Nd5 8. Ne4 Qc7 9. f4 Rb8 {[#] A rather calm draw. B45: Sicilian Four Knights.} {Predecessor:} 10. c4 $146 Bb4+ 11. Ke2 O-O 12. cxd5 cxd5 13. Nf2 d6 14. exd6 Bxd6 15. Kf3 e5 16. fxe5 Bxe5 17. Bd3 {0-1 (29) Huschenbeth,N (2605)-Nisipeanu,L (2655) Magdeburg 2020} *

[Event "Match Czechia vs Poland 2020"]
[Site "Zlin"]
[Date "2020.09.17"]
[Round "4.3"]
[White "Kriebel, Tadeas"]
[Black "Sadzikowski, Daniel"]
[Result "1/2-1/2"]
[WhiteElo "2519"]
[BlackElo "2527"]
[Annotator "ChessBase"]
[PlyCount "75"]
[EventDate "2020.09.14"]
[EventType "schev"]
[EventCountry "CZE"]
[WhiteTeam "Czech Republic"]
[BlackTeam "Poland"]
[WhiteTeamCountry "CZE"]
[BlackTeamCountry "POL"]
[TimeControl "40/5400+30:1800+30"]

1. e4 {[%emt 0:00:00]} c6 {[%emt 0:00:00]} 2. Nc3 {[%emt 0:00:00]} d5 {[%emt 0:00:00]} 3. Nf3 {[%emt 0:00:00]} Bg4 {[%emt 0:01:07]} 4. h3 {[%emt 0:00:06]} Bxf3 {[%emt 0:00:05]} 5. Qxf3 {[%emt 0:00:04]} Nf6 {[%emt 0:00:40]} 6. Be2 {[%emt 0:00:26]} e6 {[%emt 0:01:35]} 7. O-O {[%emt 0:00:05]} dxe4 {[%emt 0:14:31]} 8. Nxe4 {[%emt 0:00:15]} Nbd7 {[%emt 0:00:11]} 9. d4 {[%emt 0:01:31]} Nxe4 {[%emt 0:01:16]} 10. Qxe4 {[%emt 0:00:05]} Nf6 {[%emt 0:00:08]} 11. Qe3 {[%emt 0:04:33]} g6 {[%emt 0:04:21]} 12. c4 {[%emt 0:08:38]} Bg7 {[%emt 0:01:31]} 13. Bd2 {[%emt 0:00:55]} O-O {[%emt 0:00:14]} 14. Bc3 {[%emt 0:00:08]} a5 {[%emt 0:01:44]} 15. a4 {[%emt 0:08:36]} Qc7 {[%emt 0:01:41]} 16. Rfd1 {[%emt 0:04:45]} Rfd8 {[%emt 0:01:00]} 17. Bf3 {[%emt 0:15:33]} Ne8 {[%emt 0:00:37]} 18. b3 {[%emt 0:14:02]} Rd7 {[%emt 0:24:21]} 19. d5 {[%emt 0:15:07]} Bxc3 {[%emt 0:15:20]} 20. dxc6 {[%emt 0:00:06]} Rxd1+ {[%emt 0:00:08]} 21. Rxd1 {[%emt 0:00:04]} Qe5 {[%emt 0:00:24]} 22. cxb7 {[%emt 0:00:04]} Rb8 {[%emt 0:00:06]} 23. c5 {[%emt 0:01:04]} Kf8 {[%emt 0:18:11]} 24. c6 {[%emt 0:01:30]} Qxe3 {[%emt 0:02:03]} 25. fxe3 {[%emt 0:00:02]} Nc7 {[%emt 0:00:08]} 26. Rd7 {[%emt 0:05:43]} Be5 {[%emt 0:00:07]} 27. Be2 {[%emt 0:03:47]} Ne8 {[%emt 0:03:45]} 28. b4 {[%emt 0:08:59]} Bc7 {[%emt 0:00:02]} 29. bxa5 {[%emt 0:02:34]} Bxa5 {[%emt 0:00:04]} 30. Kf2 {[%emt 0:00:32]} Kg7 {[%emt 0:00:39]} 31. Kf3 {[%emt 0:01:47]} h5 {[%emt 0:01:02]} 32. Bc4 {[%emt 0:02:03]} Kf6 {[%emt 0:00:09]} 33. Ke4 {[%emt 0:00:48]} Nc7 {[%emt 0:01:32]} 34. Kd4 {[%emt 0:01:02]} Bb6+ {[%emt 0:00:06]} 35. Kc3 {[%emt 0:00:28]} Ba5+ {[%emt 0:00:02]} 36. Kd4 {[%emt 0:00:05]} Bb6+ {[%emt 0:00:06]} 37. Kc3 {[%emt 0:00:04]} Ba5+ {[%emt 0:00:01]} 38. Kd4 {[%emt 0:02:47]} 1/2-1/2

[Event "Match Czechia vs Poland 2020"]
[Site "Zlin"]
[Date "2020.09.17"]
[Round "4.3"]
[White "Kriebel, Tadeas"]
[Black "Sadzikowski, Daniel"]
[Result "*"]
[WhiteElo "2519"]
[BlackElo "2527"]
[Annotator "TA"]
[PlyCount "27"]
[EventDate "2020.09.14"]
[EventType "schev"]
[EventCountry "CZE"]
[SourceTitle "playchess.com"]
[Source "ChessBase"]
[SourceQuality "1"]
[WhiteTeam "Czech Republic"]
[BlackTeam "Poland"]
[WhiteTeamCountry "CZE"]
[BlackTeamCountry "POL"]

{[%evp 10,13,22,12,17,11]} 1. e4 c6 2. Nc3 d5 3. Nf3 Bg4 4. h3 Bxf3 5. Qxf3 Nf6 6. Be2 e6 {B11: Caro-Kann: Two Knights Variation.} 7. O-O {[#] Not much happened in this game.} {Predecessor:} Bc5 $146 8. Rd1 d4 9. e5 Nfd7 10. Ne4 Be7 11. Qg3 O-O 12. d3 Bh4 13. Qf4 c5 14. Nd6 {½-½ (48) Nepomniachtchi,I (2784)-Ding,L (2791) chess24.com INT 2020} *

[Event "Match Czechia vs Poland 2020"]
[Site "Zlin"]
[Date "2020.09.17"]
[Round "4.4"]
[White "Janik, Igor"]
[Black "Nguyen, Thai Dai Van"]
[Result "1-0"]
[WhiteElo "2470"]
[BlackElo "2569"]
[Annotator "RC"]
[PlyCount "83"]
[EventDate "2020.09.14"]
[EventType "schev"]
[EventCountry "CZE"]
[WhiteTeam "Poland"]
[BlackTeam "Czech Republic"]
[WhiteTeamCountry "POL"]
[BlackTeamCountry "CZE"]
[TimeControl "40/5400+30:1800+30"]

1. c4 {[%emt 0:17:05]} e6 {[%emt 0:00:41]} 2. Nf3 {[%emt 0:00:00]} d5 {[%emt 0:00:00]} 3. g3 {[%emt 0:00:00]} Nf6 {[%emt 0:01:56]} 4. Bg2 {[%emt 0:00:00]} d4 {[%emt 0:00:05]} 5. O-O {[%emt 0:00:00]} Nc6 {[%emt 0:00:05]} 6. d3 {[%emt 0:00:00]} Bc5 {[%emt 0:00:36]} 7. Na3 {[%emt 0:00:00]} O-O {[%emt 0:00:35]} 8. Nc2 {[%emt 0:00:00]} e5 {[%emt 0:01:41]} 9. b4 {[%emt 0:00:00]} Nxb4 {[%emt 0:02:02]} 10. Nxb4 {[%emt 0:00:00]} Bxb4 {[%emt 0:00:05]} 11. Nxe5 {[%emt 0:00:00]} Re8 {[%emt 0:02:28]} 12. Nf3 {[%emt 0:04:12]} Bc5 {[%emt 0:05:09]} 13. Rb1 {[%emt 0:03:30]} Rb8 {[%emt 0:03:08]} 14. Re1 {[%emt 0:11:07]} b6 {[%emt 0:06:48]} 15. Nd2 {[%emt 0:01:03]} Bg4 {[%emt 0:03:25]} 16. h3 {[%emt 0:01:50]} Be6 {[%emt 0:16:02]} 17. Nb3 {[%emt 0:04:52]} Bf8 {[%emt 0:03:10]} 18. Bf4 {[%emt 0:07:02]} Nh5 {[%emt 0:11:47]} 19. Be5 {[%emt 0:08:50]} Bxh3 {[%emt 0:00:14]} 20. Bxd4 {[%emt 0:00:21]} Bg4 {[%emt 0:05:56]} 21. Qd2 {[%emt 0:03:17]} a5 {[%emt 0:00:56]} 22. Bc3 {[%emt 0:00:11]} c5 {[%emt 0:00:14]} 23. e4 {[%emt 0:03:41]} g6 {[%emt 0:07:54]} 24. Na1 {[%emt 0:01:21]} Rb7 {[%emt 0:05:09]} 25. Nc2 {[%emt 0:03:10]} Rd7 {[%emt 0:01:00]} 26. Ne3 {[%emt 0:00:12]} Rxd3 {[%emt 0:11:42]} 27. Qc2 {[%emt 0:00:03]} Be6 {[%emt 0:00:09]} 28. Nd5 {[%emt 0:00:18]} Rd4 {[%emt 0:00:16]} 29. Bxd4 {[%emt 0:02:20]} cxd4 {[%emt 0:00:05]} 30. Bf3 {[%emt 0:01:49]} Nf6 {[%emt 0:00:40]} 31. Qd2 {[%emt 0:01:27]} Bc5 {[%emt 0:02:08]} 32. Kg2 {[%emt 0:00:32]} Nd7 {[%emt 0:00:53]} 33. Rh1 {[%emt 0:05:21]} h5 {[%emt 0:00:10]} 34. Bxh5 {[%emt 0:02:49]} gxh5 {[%emt 0:02:34]} 35. Rxh5 {[%emt 0:00:07]} Bf8 {[%emt 0:00:45]} 36. Rbh1 {[%emt 0:01:24]} Bg7 {[%emt 0:00:01]} 37. Rh7 {[%emt 0:00:49]} f6 {[%emt 0:03:33]} 38. Rxg7+ {[%emt 0:00:32]} Kxg7 {[%emt 0:00:04]} 39. Qh6+ {[%emt 0:00:07]} Kf7 {[%emt 0:00:02]} 40. Qh7+ {[%emt 0:00:22]} Kf8 {[%emt 0:00:01]} 41. Qh8+ {[%emt 0:30:41]} Bg8 {[%emt 0:30:04]} 42. Rh7 {[%emt 0:00:12]} 1-0

[Event "Match Czechia vs Poland 2020"]
[Site "Zlin"]
[Date "2020.09.17"]
[Round "4.4"]
[White "Janik, Igor"]
[Black "Nguyen, Thai Dai Van"]
[Result "*"]
[WhiteElo "2470"]
[BlackElo "2569"]
[Annotator "TA"]
[PlyCount "28"]
[EventDate "2020.09.14"]
[EventType "schev"]
[EventCountry "CZE"]
[SourceTitle "playchess.com"]
[Source "ChessBase"]
[SourceQuality "1"]
[WhiteTeam "Poland"]
[BlackTeam "Czech Republic"]
[WhiteTeamCountry "POL"]
[BlackTeamCountry "CZE"]

{[%evp 10,15,40,16,40,0,0,3]} 1. c4 e6 2. Nf3 d5 3. g3 Nf6 4. Bg2 d4 5. O-O Nc6 6. d3 Bc5 {A13: English Opening: 1...e6.} 7. Na3 O-O 8. Nc2 {[#] Not much happened in this game.} {Predecessor:} a5 $146 9. e3 e5 10. exd4 exd4 11. Re1 h6 12. Bf4 Be6 13. Ne5 Nxe5 14. Bxe5 Rb8 {1-0 (86) Sonis,F (2425)-Maisuradze,N (2234) Caleta 2018} *

[Event "Match Czechia vs Poland 2020"]
[Site "Zlin"]
[Date "2020.09.17"]
[Round "4.5"]
[White "Teclaf, Pawel"]
[Black "Krejci, Jan"]
[Result "1/2-1/2"]
[WhiteElo "2464"]
[BlackElo "2543"]
[Annotator "ChessBase"]
[PlyCount "50"]
[EventDate "2020.09.14"]
[EventType "schev"]
[EventCountry "CZE"]
[WhiteTeam "Poland"]
[BlackTeam "Czech Republic"]
[WhiteTeamCountry "POL"]
[BlackTeamCountry "CZE"]
[TimeControl "40/5400+30:1800+30"]

1. e4 {[%emt 0:00:00]} e5 {[%emt 0:00:00]} 2. Nf3 {[%emt 0:00:00]} Nc6 {[%emt 0:00:00]} 3. Bb5 {[%emt 0:00:00]} a6 {[%emt 0:00:00]} 4. Ba4 {[%emt 0:00:00]} Nf6 {[%emt 0:00:00]} 5. O-O {[%emt 0:00:00]} Be7 {[%emt 0:00:00]} 6. Re1 {[%emt 0:00:00]} b5 {[%emt 0:00:02]} 7. Bb3 {[%emt 0:00:00]} d6 {[%emt 0:00:06]} 8. a4 {[%emt 0:00:00]} b4 {[%emt 0:08:24]} 9. a5 {[%emt 0:02:55]} O-O {[%emt 0:06:02]} 10. d3 {[%emt 0:00:10]} Be6 {[%emt 0:00:09]} 11. Nbd2 {[%emt 0:00:28]} Rb8 {[%emt 0:00:22]} 12. Bc4 {[%emt 0:09:21]} Qc8 {[%emt 0:00:06]} 13. Nf1 {[%emt 0:01:43]} h6 {[%emt 0:08:05]} 14. Ne3 {[%emt 0:07:03]} Re8 {[%emt 0:12:35]} 15. Nd5 {[%emt 0:16:29]} Bd8 {[%emt 0:00:28]} 16. c3 {[%emt 0:01:23]} bxc3 {[%emt 0:03:29]} 17. bxc3 {[%emt 0:00:32]} Bxd5 {[%emt 0:00:26]} 18. Bxd5 {[%emt 0:04:30]} Nxd5 {[%emt 0:00:58]} 19. exd5 {[%emt 0:00:05]} Ne7 {[%emt 0:00:07]} 20. c4 {[%emt 0:08:52]} Ng6 {[%emt 0:04:19]} 21. Nd4 {[%emt 0:08:15]} Bg5 {[%emt 0:11:56]} 22. Nc6 {[%emt 0:01:31]} Rb7 {[%emt 0:00:06]} 23. g3 {[%emt 0:04:22]} Qf5 {[%emt 0:07:41]} 24. Qe2 {[%emt 0:04:48]} Bxc1 {[%emt 0:08:19]} 25. Raxc1 {[%emt 0:00:17]} Ne7 {[%emt 0:00:18]} 1/2-1/2

[Event "Match Czechia vs Poland 2020"]
[Site "Zlin"]
[Date "2020.09.17"]
[Round "4.5"]
[White "Teclaf, Pawel"]
[Black "Krejci, Jan"]
[Result "*"]
[WhiteElo "2464"]
[BlackElo "2543"]
[Annotator "TA"]
[PlyCount "36"]
[EventDate "2020.09.14"]
[EventType "schev"]
[EventCountry "CZE"]
[SourceTitle "playchess.com"]
[Source "ChessBase"]
[SourceQuality "1"]
[WhiteTeam "Poland"]
[BlackTeam "Czech Republic"]
[WhiteTeamCountry "POL"]
[BlackTeamCountry "CZE"]

{[%evp 15,17,12,14,13]} 1. e4 e5 2. Nf3 Nc6 3. Bb5 a6 4. Ba4 Nf6 5. O-O Be7 6. Re1 b5 7. Bb3 d6 8. a4 b4 {8...Bd7 is becoming the main line.} 9. a5 {[#] A rather calm draw. C90: Closed Ruy Lopez with 7...d6: Early deviations.} {Predecessor:} O-O $146 10. c3 Rb8 11. d3 h6 12. Nbd2 bxc3 13. bxc3 Be6 14. Nc4 Qc8 15. Qc2 Rd8 16. Ba3 Bf8 17. Nfd2 Ne7 18. d4 Ng6 {1-0 (46) Svidler,P (2737)-Postny,E (2601) Netanya 2019} *

[Event "Match Czechia vs Poland 2020"]
[Site "Zlin"]
[Date "2020.09.18"]
[Round "5.1"]
[White "Piorun, Kacper"]
[Black "Kriebel, Tadeas"]
[Result "1-0"]
[WhiteElo "2596"]
[BlackElo "2519"]
[Annotator "TA"]
[PlyCount "65"]
[EventDate "2020.09.14"]
[EventType "schev"]
[EventCountry "CZE"]
[SourceTitle "playchess.com"]
[Source "ChessBase"]
[SourceQuality "1"]
[WhiteTeam "Poland"]
[BlackTeam "Czech Republic"]
[WhiteTeamCountry "POL"]
[BlackTeamCountry "CZE"]

{[%evp 9,65,19,48,27,16,15,21,17,26,14,15,19,10,0,35,0,0,5,24,29,40,41,118,114,271,250,256,268,264,281,278,257,267,295,493,487,541,539,520,487,466,466,503,503,686,599,870,852,1013,996,1219,1027,1337,1266,1995,1940,1977,1951]} 1. e4 c5 2. Nc3 e6 3. Nf3 Nc6 4. d4 cxd4 5. Nxd4 Qc7 6. Qd3 {B47: Sicilian: Taimanov: 5 Nc3 Qc7 6 f4, 6 g3 and 6 Be2.} Nf6 7. Ndb5 Qb8 $1 8. Qg3 {[#] Hoping for Nc7+.The position is equal.} d6 $1 {next ...a6 is good for Black.} 9. Be3 {Black must now prevent 0-0-0.} a6 10. Nd4 h5 11. f3 $36 {[%mdl 2048] [#] White is pushing.} Ne5 $146 ({Predecessor:} 11... e5 12. Nb3 Be6 13. O-O-O Qc7 14. Kb1 Rc8 15. Qf2 b5 16. Qd2 Qb7 17. Be2 Nb8 {1-0 (57) Caruana,F (2828)-Harikrishna,P (2726) Saint Louis 2019}) 12. O-O-O b5 13. a3 {[%cal Ba2a3,Ba3b4,Bb4b5][%mdl 32]} Bd7 14. f4 Neg4 15. Bg1 b4 ({Black should play} 15... e5 $14) 16. axb4 $16 a5 $2 {A mistake that costs the game.} (16... e5 $16 {was called for.}) 17. b5 $18 a4 18. h3 a3 19. b3 ({But not} 19. hxg4 $6 a2 $16) 19... Nh6 20. Kb1 a2+ 21. Ka1 Qc7 $2 (21... Be7 22. Qf3 (22. Qxg7 Rg8 $16) 22... O-O) 22. b6 {White is clearly winning.} Qxb6 {[#]} 23. Nxe6 $1 {[%mdl 576] Discovered Attack} Qc6 (23... Bxe6 24. Bxb6) 24. Nxf8 Kxf8 25. Bd4 Ra5 26. Bd3 Be6 27. Rhe1 Nhg8 28. f5 Bd7 29. e5 dxe5 30. Rxe5 Rxe5 31. Qxe5 g5 32. fxg6 fxg6 33. Ne4 {Accuracy: White = 96%, Black = 42%.} 1-0

[Event "Match Czechia vs Poland 2020"]
[Site "Zlin"]
[Date "2020.09.18"]
[Round "5.2"]
[White "Nasuta, Grzegorz"]
[Black "Babula, Vlastimil"]
[Result "0-1"]
[WhiteElo "2553"]
[BlackElo "2571"]
[Annotator "TA"]
[PlyCount "120"]
[EventDate "2020.09.14"]
[EventType "schev"]
[EventCountry "CZE"]
[SourceTitle "playchess.com"]
[Source "ChessBase"]
[SourceQuality "1"]
[WhiteTeam "Poland"]
[BlackTeam "Czech Republic"]
[WhiteTeamCountry "POL"]
[BlackTeamCountry "CZE"]

{[%evp 17,120,26,44,28,79,51,60,57,53,52,67,41,33,29,41,-15,29,18,27,0,17,20,85,0,0,0,0,0,0,0,0,-7,-39,-25,0,-16,-11,-14,-28,-17,-41,-487,0,0,0,-21,0,-38,-47,-49,0,-49,54,-53,-47,-136,-131,-114,-89,-121,0,-123,-105,-220,-161,-148,-19,-32,-20,-151,-151,-151,-151,-151,-151,-151,-151,-12834,-12835,-12835,-12836,-12836,-12836,-12836,-12837,-12838,-12838,-12838,-12839,-12839,-12839,-12840,-12840,-12841,-12841,-12841,-12842,-12843,-12843,-12843,-12843,-12844,-12844,-12847,-12847]} 1. e4 c5 2. Nf3 e6 3. d4 cxd4 4. Nxd4 Nc6 5. Nc3 Qc7 6. a3 a6 7. Be3 Nf6 8. f4 d6 9. Qf3 Be7 10. O-O-O {B82: Sicilian Scheveningen: 6 f4.} Rb8 $5 {[%mdl 4] A promising side line.} (10... O-O $11) 11. Be2 O-O 12. g4 {[#] White is slightly better.} Nd7 $5 $146 {[%mdl 8] An interesting novelty.} ({Predecessor:} 12... Nxd4 13. Bxd4 b5 14. g5 Nd7 15. Rhg1 b4 16. axb4 Rxb4 17. f5 Ne5 18. Qh3 Re8 {½-½ (52) Jumabayev,R (2602)-Wang,H (2730) Makati 2018}) 13. g5 b5 14. Nxc6 Qxc6 15. f5 $1 {[%cal Rf5f6] And now f6! would win.} Ne5 16. Qh3 (16. Qf4 $14) 16... Re8 17. f6 Bf8 {next ...a5 is good for Black.} 18. Rhf1 b4 19. axb4 Rxb4 (19... Qb7 $1 $11) 20. Bd4 ({Better is} 20. Rf4 $1 $16) 20... g6 $1 $11 21. Rf4 Nd3+ 22. Qxd3 {Rf3 is the strong threat.} e5 23. Rff1 Rxd4 24. Qe3 $132 {[%mdl 2048] White puts up resistance} Qc5 25. Rd3 Qa5 26. h4 d5 27. Rxd4 (27. exd5 Rxh4 28. d6 Bf5 $17) 27... exd4 28. Qxd4 dxe4 {Threatens to win with ...Bb4.} 29. Bc4 $2 {[%mdl 8192]} (29. Kb1 $15) 29... Qc5 $2 (29... Bc5 $1 $19 {[%cal Rc5d4]} 30. Qd2 (30. Qd5 $2 Qa1+ 31. Kd2 e3+ 32. Ke2 Bg4+ 33. Rf3 Kh8 $19) 30... e3) 30. Qxc5 Bxc5 31. Re1 e3 (31... Bf5 {looks sharper.} 32. Nd5 Bf2 33. Ne7+ Kf8 34. Rf1 Bxh4 35. Nxf5 Bxg5+ 36. Kd1 Rd8+) 32. Nd5 a5 33. c3 Kf8 (33... Re4 $5 {[%cal Re4c4]} 34. Bd3 Re5 $15) 34. Be2 Re4 (34... Bd6 $15) 35. Rh1 (35. Rd1 $1 $14 Ra4 36. Kc2 Bf5+ 37. Kb3 Rxh4 38. Nxe3 $1 {[%mdl 512]} a4+ 39. Ka2 Be6+ 40. Kb1) 35... Bf5 $15 {aiming for ...Ra4.} 36. b3 (36. Rd1 $1 $15 h5 37. gxh6) 36... Re5 37. Nf4 Ba3+ 38. Kd1 Bb2 (38... Bd6 $17 {White must now prevent ...Rc5.} 39. Nd3 Rd5) 39. h5 (39. Nd3 $1 $11 {remains equal.} Bxd3 40. Bxd3) 39... gxh5 $17 ({Stronger than} 39... Bxc3 40. hxg6 Bxg6 41. Nxg6+ fxg6 42. Rxh7 $14) 40. Bxh5 (40. c4 $17 {might work better.}) 40... Bxc3 41. Ke2 {[#]} Bd2 (41... Rb5 $1 $17 {[%cal Rb5b3]} 42. Nd3 Rxb3) 42. Bf3 $11 Bc2 43. g6 {Black continues to play with concentration.} (43. Rh5 $1 $11 {was the only way to keep the balance.}) 43... Bxg6 $17 ({Much less strong is} 43... fxg6 44. Rxh7 g5 45. Nd3 $17) 44. Nxg6+ fxg6 45. Rxh7 {[%mdl 4096] Endgame KRB-KRB} Rf5 46. f7 Rxf7 47. Rxf7+ $2 (47. Rh4 $17) 47... Kxf7 {KB-KB. Black is clearly winning.} 48. Kd3 Kf6 49. Ke4 Kg5 50. Be2 Kh4 51. Kf3 g5 52. Kg2 g4 53. Bd1 Kg5 54. Be2 Kf4 55. Bd1 Bb4 56. Be2 Bd6 57. Kf1 g3 58. Ba6 Ke4 59. Ke2 Kd4 {( -> ...g2)} 60. Kf3 Kc3 {Accuracy: White = 57%, Black = 71%.} 0-1